[Event "Madrid ch 2021-2022 Semifinal"]
[Site "Madrid ESP"]
[Date "2022.05.06"]
[Round "3.4"]
[White "Pindado Campos, Raul"]
[Black "Lopez Herrero, Israel"]
[Result "1-0"]
[WhiteElo "2073"]
[BlackElo "1824"]
[PlyCount "61"]
[EventDate "2022.05.04"]
[EventType "swiss"]
[EventRounds "9"]
[EventCountry "ESP"]
[SourceTitle "Ajedrez en Madrid"]
[Source "lmi"]
[SourceDate "2022.05.04"]
[SourceVersion "1"]
[SourceVersionDate "2022.05.15"]
[SourceQuality "1"]

1. d4 Nf6 2. c4 g6 3. Nf3 Bg7 4. Nc3 O-O 5. e4 d6 6. Be2 c5 7. d5 a5 8. O-O Na6
9. Bf4 Qb6 10. Qd2 Nh5 11. Bh6 e5 12. dxe6 Bxe6 13. Bxg7 Kxg7 14. Ng5 Nf6 15.
f4 Bg4 16. Bxg4 Nxg4 17. Nd5 Qd8 18. Qc3+ Kg8 19. h3 Ne5 20. fxe5 Qxg5 21. Nf6+
Kh8 22. exd6 Rfd8 23. Ne8+ f6 24. Nxf6 Qh6 25. Nd5+ Qg7 26. Nb6 Rab8 27. Qxg7+
Kxg7 28. e5 Nb4 29. d7 Nc6 30. e6 Ne7 31. Rf7+ 1-0

[Event "Madrid ch 2021-2022 Semifinal"]
[Site "Madrid ESP"]
[Date "2022.05.06"]
[Round "3.5"]
[White "Ruiz Vazquez, Javier"]
[Black "Barez Menendez, Hector"]
[Result "1/2-1/2"]
[WhiteElo "1960"]
[BlackElo "2066"]
[PlyCount "67"]
[EventDate "2022.05.04"]
[EventType "swiss"]
[EventRounds "9"]
[EventCountry "ESP"]
[SourceTitle "Ajedrez en Madrid"]
[Source "lmi"]
[SourceDate "2022.05.04"]
[SourceVersion "1"]
[SourceVersionDate "2022.05.15"]
[SourceQuality "1"]

1. e4 e5 2. Nf3 Nf6 3. Nxe5 d6 4. Nf3 Nxe4 5. Nc3 Nxc3 6. dxc3 Be7 7. Bf4 Nc6
8. Qd2 Be6 9. Bb5 a6 10. Bd3 Qd7 11. Ng5 Bf5 12. O-O-O h6 13. Nf3 O-O-O 14. Nd4
Nxd4 15. cxd4 Bxd3 16. Qxd3 Bf6 17. d5 Qa4 18. Qf5+ Kb8 19. Kb1 Rde8 20. Rhe1
Rxe1 21. Rxe1 Qb4 22. c3 Bxc3 23. Re2 Bf6 24. Bc1 Qb5 25. Qe4 Kc8 26. a4 Qd7
27. Rc2 Re8 28. Qc4 Re7 29. Be3 Kd8 30. Qb4 Kc8 31. Bb6 Qd8 32. Ba7 Qe8 33.
Qg4+ Qd7 34. Qc4 1/2-1/2

[Event "Madrid ch 2021-2022 Semifinal"]
[Site "Madrid ESP"]
[Date "2022.05.06"]
[Round "3.6"]
[White "Perdomo Araujo, Angel Eduardo"]
[Black "Palomo Monserrat, Lorenzo"]
[Result "1-0"]
[WhiteElo "2065"]
[BlackElo "1862"]
[PlyCount "45"]
[EventDate "2022.05.04"]
[EventType "swiss"]
[EventRounds "9"]
[EventCountry "ESP"]
[SourceTitle "Ajedrez en Madrid"]
[Source "lmi"]
[SourceDate "2022.05.04"]
[SourceVersion "1"]
[SourceVersionDate "2022.05.15"]
[SourceQuality "1"]

1. e4 c5 2. b3 Nc6 3. Nf3 Nf6 4. Nc3 e6 5. Bb2 d5 6. e5 Nd7 7. Bb5 Qc7 8. Bxc6
Qxc6 9. O-O Be7 10. Ne2 O-O 11. Ng3 b6 12. d4 cxd4 13. Nxd4 Qc7 14. f4 Ba6 15.
Re1 Rac8 16. Qg4 Bc5 17. Rac1 b5 18. Kh1 Qb6 19. f5 Rce8 20. f6 g6 21. Qf4 Kh8
22. Nf3 Bf2 23. Qh6 1-0

[Event "Madrid ch 2021-2022 Semifinal"]
[Site "Madrid ESP"]
[Date "2022.05.06"]
[Round "3.7"]
[White "Longa Yauca, Javier"]
[Black "Rey Martinez, Jaime"]
[Result "1-0"]
[WhiteElo "2259"]
[BlackElo "2055"]
[PlyCount "73"]
[EventDate "2022.05.04"]
[EventType "swiss"]
[EventRounds "9"]
[EventCountry "ESP"]
[SourceTitle "Ajedrez en Madrid"]
[Source "lmi"]
[SourceDate "2022.05.04"]
[SourceVersion "1"]
[SourceVersionDate "2022.05.15"]
[SourceQuality "1"]

1. c4 c5 2. d3 Nc6 3. Nc3 g6 4. Nf3 Bg7 5. e3 e6 6. e4 Nge7 7. Bg5 O-O 8. Qd2
a6 9. Rc1 Nd4 10. Be2 b6 11. O-O Bb7 12. Nxd4 cxd4 13. Na4 b5 14. Nc5 Bc6 15.
b4 Re8 16. Qf4 d6 17. cxb5 e5 18. Qh4 Bxb5 19. Nb3 Ra7 20. f4 Qd7 21. fxe5 Bxe5
22. Rxf7 Kxf7 23. Qxh7+ Bg7 24. Rf1+ Nf5 25. Bh5 gxh5 26. Rxf5+ Qxf5 27. Qxf5+
Kg8 28. Qg6 Rf7 29. Nxd4 Bd7 30. h3 d5 31. Nf5 Bxf5 32. exf5 Re1+ 33. Kf2 Re5
34. g4 Rc7 35. Bf6 Rc2+ 36. Kf3 hxg4+ 37. hxg4 1-0

[Event "Madrid ch 2021-2022 Semifinal"]
[Site "Madrid ESP"]
[Date "2022.05.06"]
[Round "3.8"]
[White "Armenteros Peral, Javier"]
[Black "Martinez Fernandez, Raul"]
[Result "0-1"]
[WhiteElo "2000"]
[BlackElo "2204"]
[PlyCount "172"]
[EventDate "2022.05.04"]
[EventType "swiss"]
[EventRounds "9"]
[EventCountry "ESP"]
[SourceTitle "Ajedrez en Madrid"]
[Source "lmi"]
[SourceDate "2022.05.04"]
[SourceVersion "1"]
[SourceVersionDate "2022.05.15"]
[SourceQuality "1"]

1. e4 e5 2. Nf3 Nc6 3. d4 exd4 4. Nxd4 Nf6 5. Nc3 Nxe4 6. Nxe4 Qe7 7. f3 d5 8.
Bb5 Bd7 9. Bxc6 bxc6 10. O-O dxe4 11. fxe4 c5 12. Nf3 Qd6 13. Be3 Bb5 14. Rf2
Qxd1+ 15. Rxd1 Be7 16. Ne5 f6 17. Nd3 O-O-O 18. Rdd2 c4 19. Nf4 Rxd2 20. Rxd2
c3 21. bxc3 a5 22. Ne6 Bc4 23. Nxg7 a4 24. Nf5 Ba3 25. Rd4 Bb5 26. Rd5 Bc6 27.
Ra5 Rd8 28. Nd4 Bxe4 29. Rxa4 Bc5 30. Kf2 Bb6 31. Ne6 Bc6 32. Nxd8 Bxa4 33. Nf7
Ba5 34. Bd4 Kd7 35. Nh6 Ke6 36. Ng4 Bxc2 37. Ne3 Bd3 38. Nd1 c6 39. Ke3 Bb1 40.
a3 Bc7 41. g3 Bd6 42. c4 Bxa3 43. Nc3 Bc1+ 44. Ke2 Bc2 45. Na2 Bh6 46. Nb4 Be4
47. Nd3 Kf5 48. g4+ Kg6 49. h4 Bh1 50. Be3 Bf8 51. Nf4+ Kf7 52. Bd4 Be4 53. Ke3
Bc2 54. Nh5 Be7 55. Ng3 Bd1 56. Ne2 Ba3 57. Kd2 Bb3 58. Kc3 Ba2 59. Ng3 Bb1 60.
Kd2 Bd6 61. Nh5 f5 62. g5 Kg6 63. Nf6 Bg3 64. h5+ Kxg5 65. Nxh7+ Kxh5 66. Nf6+
Kg5 67. Nd7 Be4 68. Ke2 Bg2 69. Ne5 Kf4 70. Ng6+ Ke4 71. Bf2 Bf3+ 72. Ke1 Bxf2+
73. Kxf2 Bh5 74. Ne7 c5 75. Nd5 Bf7 76. Nb6 Kd4 77. Kf3 Bxc4 78. Kf4 Be6 79.
Na8 c4 80. Nc7 Bd7 81. Na6 c3 82. Nb4 Kc4 83. Nc2 Kd3 84. Ne1+ Ke2 85. Nc2 Kd2
86. Nd4 c2 0-1

[Event "Madrid ch 2021-2022 Semifinal"]
[Site "Madrid ESP"]
[Date "2022.05.06"]
[Round "3.9"]
[White "Bello Burguet, Glenier Lazaro"]
[Black "Torres Boch, Jose F."]
[Result "0-1"]
[WhiteElo "1993"]
[BlackElo "2134"]
[PlyCount "100"]
[EventDate "2022.05.04"]
[EventType "swiss"]
[EventRounds "9"]
[EventCountry "ESP"]
[SourceTitle "Ajedrez en Madrid"]
[Source "lmi"]
[SourceDate "2022.05.04"]
[SourceVersion "1"]
[SourceVersionDate "2022.05.15"]
[SourceQuality "1"]

1. d4 Nf6 2. c4 e6 3. Nc3 Bb4 4. e3 O-O 5. Bd3 d5 6. Nge2 dxc4 7. Bxc4 c5 8.
O-O cxd4 9. exd4 Nbd7 10. Bf4 Nb6 11. Bd3 Bd7 12. Rc1 Bc6 13. a3 Bxc3 14. Nxc3
Nfd5 15. Bg3 Nxc3 16. bxc3 Qd5 17. f3 Rac8 18. c4 Qxd4+ 19. Bf2 Qf6 20. Qc2 h6
21. Qe2 Rfd8 22. Bb1 Rd7 23. Be3 Rcd8 24. Qc2 Rd3 25. Qxd3 Rxd3 26. Bxd3 Qb2
27. Bf2 Nd7 28. Bb1 Qxa3 29. Rcd1 a5 30. Be4 Qa4 31. Ra1 Qxc4 32. Bxc6 Qxc6 33.
Rxa5 Nf6 34. Rc5 Qa6 35. Rb1 Nd5 36. h3 Kh7 37. h4 Kg6 38. Rc2 b5 39. Rcb2 Nc3
40. Rc1 Qa3 41. Rcc2 b4 42. Bc5 Nd5 43. Rb1 Qa5 44. Bd4 Qb5 45. Rcb2 Qd3 46.
Bf2 Nc3 47. Ra1 Qc4 48. Be1 Ne2+ 49. Kh1 Qd4 50. h5+ Kh7 0-1

[Event "Madrid ch 2021-2022 Semifinal"]
[Site "Madrid ESP"]
[Date "2022.05.06"]
[Round "3.10"]
[White "Barraza Caracuel, Ignacio"]
[Black "Marcos Herrero, Francisco"]
[Result "1/2-1/2"]
[WhiteElo "2100"]
[BlackElo "1939"]
[PlyCount "51"]
[EventDate "2022.05.04"]
[EventType "swiss"]
[EventRounds "9"]
[EventCountry "ESP"]
[SourceTitle "Ajedrez en Madrid"]
[Source "lmi"]
[SourceDate "2022.05.04"]
[SourceVersion "1"]
[SourceVersionDate "2022.05.15"]
[SourceQuality "1"]

1. e4 c6 2. d4 d5 3. exd5 cxd5 4. c4 Nf6 5. Nc3 e6 6. Nf3 Be7 7. Bf4 O-O 8. c5
b6 9. b4 a5 10. a3 axb4 11. axb4 Rxa1 12. Qxa1 bxc5 13. Bxb8 cxd4 14. Na2 Qb6
15. Bf4 e5 16. Nxe5 Bxb4+ 17. Nxb4 Qxb4+ 18. Bd2 Qb3 19. Be2 Re8 20. f4 d3 21.
Bd1 Qb6 22. Qa5 Qd4 23. Qc3 Qb6 24. Qb4 Qa7 25. Qa5 Qd4 26. Qa4 1/2-1/2

[Event "Madrid ch 2021-2022 Semifinal"]
[Site "Madrid ESP"]
[Date "2022.05.06"]
[Round "3.11"]
[White "Santamaria Baeza, Adolfo"]
[Black "Bravo De La Vega, Alvaro"]
[Result "0-1"]
[WhiteElo "1870"]
[BlackElo "2082"]
[PlyCount "98"]
[EventDate "2022.05.04"]
[EventType "swiss"]
[EventRounds "9"]
[EventCountry "ESP"]
[SourceTitle "Ajedrez en Madrid"]
[Source "lmi"]
[SourceDate "2022.05.04"]
[SourceVersion "1"]
[SourceVersionDate "2022.05.15"]
[SourceQuality "1"]

1. e4 c5 2. Nf3 Nc6 3. d4 cxd4 4. Nxd4 Nf6 5. Nc3 d6 6. Be2 e5 7. Ndb5 a6 8.
Na3 b5 9. Nd5 Nxd5 10. Qxd5 Qc7 11. c3 Be6 12. Qd1 Be7 13. O-O O-O 14. Bg4 Rad8
15. Bxe6 fxe6 16. Qg4 Rf6 17. Be3 Rg6 18. Qh3 d5 19. exd5 exd5 20. f4 Bxa3 21.
bxa3 Rh6 22. Qg3 d4 23. cxd4 Nxd4 24. Bxd4 exd4 25. Rac1 Qd6 26. Qb3+ Kh8 27.
Qd3 Re6 28. Rf3 Qd5 29. f5 Rc6 30. Rxc6 Qxc6 31. h3 Qc4 32. f6 Qxd3 33. fxg7+
Kxg7 34. Rxd3 Kf6 35. Kf1 Ke5 36. Ke2 Kd5 37. Rg3 Kc4 38. Kd2 Rf8 39. Rf3 Rxf3
40. gxf3 Kd5 41. Kd3 Ke5 42. a4 bxa4 43. a3 h5 44. h4 Kf4 45. Kxd4 Kxf3 46. Kd3
Kg4 47. Ke4 Kxh4 48. Kf4 a5 49. Kf3 Kg5 0-1

[Event "Madrid ch 2021-2022 Semifinal"]
[Site "Madrid ESP"]
[Date "2022.05.06"]
[Round "3.12"]
[White "Tenorio Garcia, Joel"]
[Black "Sanchez Garcia, Aurelio"]
[Result "1/2-1/2"]
[WhiteElo "2027"]
[BlackElo "1988"]
[PlyCount "40"]
[EventDate "2022.05.04"]
[EventType "swiss"]
[EventRounds "9"]
[EventCountry "ESP"]
[SourceTitle "Ajedrez en Madrid"]
[Source "lmi"]
[SourceDate "2022.05.04"]
[SourceVersion "1"]
[SourceVersionDate "2022.05.15"]
[SourceQuality "1"]

1. e4 d6 2. d4 Nf6 3. Nc3 g6 4. Be3 a6 5. f3 b5 6. Qd2 Nbd7 7. O-O-O Nb6 8. Kb1
c6 9. h4 h5 10. e5 dxe5 11. dxe5 Qxd2 12. Rxd2 Nfd5 13. Bd4 Bh6 14. Rd1 O-O 15.
Nh3 Nxc3+ 16. Bxc3 Bxh3 17. Rxh3 Nd5 18. Bd2 Rfd8 19. Bd3 Bxd2 20. Rxd2 Nf4
1/2-1/2

[Event "Madrid ch 2021-2022 Semifinal"]
[Site "Madrid ESP"]
[Date "2022.05.06"]
[Round "3.13"]
[White "Portero Rubio, Martin"]
[Black "Feal Albala, Alonso"]
[Result "1/2-1/2"]
[WhiteElo "1868"]
[BlackElo "1892"]
[PlyCount "67"]
[EventDate "2022.05.04"]
[EventType "swiss"]
[EventRounds "9"]
[EventCountry "ESP"]
[SourceTitle "Ajedrez en Madrid"]
[Source "lmi"]
[SourceDate "2022.05.04"]
[SourceVersion "1"]
[SourceVersionDate "2022.05.15"]
[SourceQuality "1"]

1. e4 c5 2. Nc3 Nc6 3. f4 g6 4. Nf3 Bg7 5. Bb5 e6 6. Bxc6 bxc6 7. e5 Ne7 8. Ne4
O-O 9. Nxc5 Nd5 10. d4 d6 11. Ne4 dxe5 12. fxe5 h6 13. O-O Ne7 14. b3 Nf5 15.
Ba3 Ne3 16. Qd3 Nxf1 17. Bxf8 Nxh2 18. Bxg7 Nxf3+ 19. Qxf3 Qxd4+ 20. Kh2 Qxa1
21. Qf6 Qd1 22. Ng3 Qd2 23. Bh8 Kf8 24. Ne4 Qd1 25. Bg7+ Kg8 26. Nd6 Qh5+ 27.
Kg1 Qd1+ 28. Kf2 Qd2+ 29. Kf3 Qc3+ 30. Ke4 Qxc2+ 31. Kf3 Qc3+ 32. Kf2 Qd2+ 33.
Kg1 Qd1+ 34. Kh2 1/2-1/2

[Event "Madrid ch 2021-2022 Semifinal"]
[Site "Madrid ESP"]
[Date "2022.05.06"]
[Round "3.14"]
[White "Lopez de Turiso, Jose Angel"]
[Black "Rodriguez Melendez, Juan Humberto"]
[Result "0-1"]
[WhiteElo "1933"]
[BlackElo "2098"]
[PlyCount "114"]
[EventDate "2022.05.04"]
[EventType "swiss"]
[EventRounds "9"]
[EventCountry "ESP"]
[SourceTitle "Ajedrez en Madrid"]
[Source "lmi"]
[SourceDate "2022.05.04"]
[SourceVersion "1"]
[SourceVersionDate "2022.05.15"]
[SourceQuality "1"]

1. e4 c5 2. Nf3 e6 3. c3 Nf6 4. e5 Nd5 5. g3 Nc6 6. Bg2 d6 7. exd6 Bxd6 8. d4
O-O 9. O-O Re8 10. dxc5 Bxc5 11. Nbd2 Nf6 12. Nb3 Bb6 13. Bg5 h6 14. Qxd8 Rxd8
15. Bxf6 gxf6 16. Rad1 Bd7 17. Rd2 Kf8 18. Rfd1 Ke7 19. h4 e5 20. Kh2 Be6 21.
Rxd8 Rxd8 22. Rxd8 Kxd8 23. Kg1 a5 24. Nfd2 f5 25. Bf1 a4 26. Nc1 e4 27. Nc4
Ba7 28. Ne3 Ne5 29. Be2 Kc7 30. b3 axb3 31. axb3 Ng6 32. h5 Ne5 33. Kf1 Kd6 34.
Ke1 Ng4 35. Bxg4 fxg4 36. c4 Bd4 37. Ne2 Be5 38. Kd2 Ke7 39. Ng2 f5 40. Ke3 Kf6
41. Ngf4 Bf7 42. Kd2 Kg5 43. Kc2 Bxh5 44. Ne6+ Kf6 45. Nc5 Bg6 46. Nxb7 e3 47.
fxe3 f4+ 48. Kd2 fxg3 49. Nc5 Bf5 50. Nd3 Bxd3 51. Kxd3 g2 52. b4 Bb2 53. b5
Ke5 54. c5 Kd5 55. c6 Kc5 56. Nd4 Bxd4 57. exd4+ Kb6 0-1

[Event "Madrid ch 2021-2022 Semifinal"]
[Site "Madrid ESP"]
[Date "2022.05.06"]
[Round "3.15"]
[White "Baeza Escudero, Javier"]
[Black "Neagu, Roberto Florin"]
[Result "0-1"]
[WhiteElo "1874"]
[BlackElo "2076"]
[PlyCount "46"]
[EventDate "2022.05.04"]
[EventType "swiss"]
[EventRounds "9"]
[EventCountry "ESP"]
[SourceTitle "Ajedrez en Madrid"]
[Source "lmi"]
[SourceDate "2022.05.04"]
[SourceVersion "1"]
[SourceVersionDate "2022.05.15"]
[SourceQuality "1"]

1. e4 c5 2. Nf3 Nc6 3. d4 cxd4 4. Nxd4 Nf6 5. Nc3 e5 6. Ndb5 d6 7. Bg5 a6 8.
Na3 b5 9. Bxf6 gxf6 10. Nd5 f5 11. Bd3 Be6 12. c4 Nd4 13. O-O Bxd5 14. exd5 Bg7
15. cxb5 e4 16. Be2 Be5 17. Nc4 axb5 18. Nxe5 dxe5 19. f4 Qxd5 20. fxe5 Qxe5
21. Qd2 O-O 22. Bd1 e3 23. Qc3 e2 0-1

[Event "Madrid ch 2021-2022 Semifinal"]
[Site "Madrid ESP"]
[Date "2022.05.06"]
[Round "3.16"]
[White "Alvarez Abejon, Amilcar"]
[Black "Esteban Amo, Jose M."]
[Result "0-1"]
[WhiteElo "1982"]
[BlackElo "1856"]
[PlyCount "110"]
[EventDate "2022.05.04"]
[EventType "swiss"]
[EventRounds "9"]
[EventCountry "ESP"]
[SourceTitle "Ajedrez en Madrid"]
[Source "lmi"]
[SourceDate "2022.05.04"]
[SourceVersion "1"]
[SourceVersionDate "2022.05.15"]
[SourceQuality "1"]

1. d4 f5 2. Nf3 Nf6 3. Bf4 d6 4. e3 g6 5. c4 Bg7 6. Nc3 e6 7. c5 d5 8. Be2 Bd7
9. b4 O-O 10. O-O Ne4 11. Qc2 h6 12. Be5 Nc6 13. Bxg7 Kxg7 14. b5 Ne7 15. Ne5
Qe8 16. Rab1 Ng8 17. Na4 Bc8 18. c6 b6 19. Nc3 Ngf6 20. a4 Nxc3 21. Qxc3 a5 22.
Bd3 Ng4 23. Qd2 Qe7 24. f3 Nxe5 25. dxe5 Qg5 26. f4 Qe7 27. Kh1 Qa3 28. Bc2 Qc5
29. g4 Kh7 30. Rg1 Qe7 31. Rg3 Qf7 32. Rbg1 Rg8 33. Qg2 Rb8 34. Bb3 Ra8 35. Rd1
Rb8 36. Ra1 Ra8 37. Qa2 Rg7 38. gxf5 exf5 39. Bxd5 Qe7 40. Rd1 Rb8 41. Qd2 Be6
42. Bxe6 Qxe6 43. Qd5 Qe7 44. Rg2 Qa3 45. Qd4 Re8 46. Rgd2 h5 47. Rd3 Qa2 48.
R1d2 Qb1+ 49. Rd1 Qa2 50. R3d2 Qa3 51. Ra1 Qe7 52. Qd7 Qf8 53. Qd3 Qc5 54. Ra3
Qe7 55. Qc2 Qxa3 0-1

[Event "Madrid ch 2021-2022 Semifinal"]
[Site "Madrid ESP"]
[Date "2022.05.06"]
[Round "3.17"]
[White "Torres Rebolledo, Alvaro"]
[Black "Lorenzo Bailador, Alfredo"]
[Result "1-0"]
[WhiteElo "1839"]
[BlackElo "1962"]
[PlyCount "57"]
[EventDate "2022.05.04"]
[EventType "swiss"]
[EventRounds "9"]
[EventCountry "ESP"]
[SourceTitle "Ajedrez en Madrid"]
[Source "lmi"]
[SourceDate "2022.05.04"]
[SourceVersion "1"]
[SourceVersionDate "2022.05.15"]
[SourceQuality "1"]

1. e4 e5 2. Nf3 Nc6 3. Bc4 Nf6 4. Ng5 d5 5. exd5 b5 6. Bf1 Nd4 7. c3 Nxd5 8.
cxd4 Qxg5 9. Bxb5+ Kd8 10. O-O Bb7 11. Qf3 Rb8 12. dxe5 Ne3 13. Qh3 Qxg2+ 14.
Qxg2 Nxg2 15. d4 f6 16. f4 g5 17. f5 Nf4 18. Bxf4 gxf4 19. Rxf4 Rg8+ 20. Kf2
Rg2+ 21. Ke1 Rxb2 22. Be2 Bb4+ 23. Kf1 Bd5 24. Rg4 Ba5 25. Na3 R8b4 26. e6 Ra4
27. Rg7 Rxa3 28. Rd7+ Ke8 29. Bh5+ 1-0

[Event "Madrid ch 2021-2022 Semifinal"]
[Site "Madrid ESP"]
[Date "2022.05.07"]
[Round "4.1"]
[White "Centeno Mendoza, Julio Stefano"]
[Black "Horcajuelo Rocamora, Martin"]
[Result "1/2-1/2"]
[WhiteElo "2050"]
[BlackElo "2126"]
[PlyCount "69"]
[EventDate "2022.05.04"]
[EventType "swiss"]
[EventRounds "9"]
[EventCountry "ESP"]
[SourceTitle "Ajedrez en Madrid"]
[Source "lmi"]
[SourceDate "2022.05.04"]
[SourceVersion "1"]
[SourceVersionDate "2022.05.15"]
[SourceQuality "1"]

1. e4 c5 2. c3 Nf6 3. e5 Nd5 4. Bc4 Nb6 5. Bb3 d6 6. exd6 Qxd6 7. Nf3 c4 8. Bc2
Qe6+ 9. Qe2 f6 10. b3 Qxe2+ 11. Kxe2 e5 12. h3 Nc6 13. bxc4 Nxc4 14. Rd1 Be6
15. d3 Nb6 16. Bb3 Bd7 17. Be3 Na5 18. Bxb6 axb6 19. Nbd2 Bc6 20. Nc4 Nxc4 21.
Bxc4 b5 22. Bb3 Ba3 23. Rab1 Ke7 24. d4 Be4 25. dxe5 Bxb1 26. Rxb1 Rac8 27. Nd4
fxe5 28. Nxb5 Bc5 29. Bd5 b6 30. c4 h6 31. f3 g5 32. Kd3 Rhf8 33. Nc3 Bd4 34.
Nb5 Bc5 35. Nc3 1/2-1/2

[Event "Madrid ch 2021-2022 Semifinal"]
[Site "Madrid ESP"]
[Date "2022.05.07"]
[Round "4.2"]
[White "Rottenwohrer Suarez, Juan"]
[Black "Pindado Campos, Raul"]
[Result "1/2-1/2"]
[WhiteElo "2256"]
[BlackElo "2073"]
[PlyCount "161"]
[EventDate "2022.05.04"]
[EventType "swiss"]
[EventRounds "9"]
[EventCountry "ESP"]
[SourceTitle "Ajedrez en Madrid"]
[Source "lmi"]
[SourceDate "2022.05.04"]
[SourceVersion "1"]
[SourceVersionDate "2022.05.15"]
[SourceQuality "1"]

1. d4 d5 2. c4 e6 3. Nc3 Nf6 4. cxd5 exd5 5. Bg5 Be7 6. e3 O-O 7. Bd3 c6 8. Qc2
h6 9. Bh4 Nbd7 10. Nge2 Re8 11. O-O a6 12. f3 c5 13. Rad1 c4 14. Bf5 b5 15. e4
b4 16. Na4 Nb6 17. Nxb6 Qxb6 18. e5 Bxf5 19. Qxf5 Nh7 20. Bf2 Nf8 21. Nf4 Rad8
22. Qg4 Bg5 23. Ne2 Qe6 24. Qg3 f5 25. f4 Be7 26. Qf3 g6 27. Kh1 h5 28. Rg1 Rd7
29. Ng3 Rc8 30. Rc1 a5 31. Nf1 a4 32. Ne3 Qc6 33. g3 Ne6 34. Rgd1 Qb5 35. h3 c3
36. g4 hxg4 37. hxg4 Kf7 38. gxf5 Rh8+ 39. Kg1 gxf5 40. bxc3 bxc3 41. Nxf5 Rdd8
42. Ng3 Rdg8 43. Rxc3 Bh4 44. f5 Ng5 45. e6+ Kf6 46. Qd3 Nh3+ 47. Kf1 Qb8 48.
Be1 Nf4 49. Qe3 Bxg3 50. Bxg3 Rh1+ 51. Kf2 Rxd1 52. Bh4+ Kg7 53. f6+ Kh7 54.
Bg3 Qb2+ 55. Kf3 Rf1+ 56. Bf2 Rxf2+ 57. Qxf2 Qxf2+ 58. Kxf2 Nxe6 59. Rc6 Nxd4
60. Ra6 Rf8 61. Ke3 Nc2+ 62. Kf4 Kg6 63. Ke5 d4 64. Rxa4 Rxf6 65. Ke4 Rd6 66.
Kd3 Ne1+ 67. Ke2 Ng2 68. Ra8 d3+ 69. Kd2 Nh4 70. Rg8+ Kf5 71. Rg3 Kf4 72. Rxd3
Nf3+ 73. Kc3 Ra6 74. Kb3 Ke4 75. Rd8 Nd4+ 76. Kc3 Ne2+ 77. Kb2 Rb6+ 78. Kc2
Nd4+ 79. Kc3 Ne6 80. Rh8 Ra6 81. Rh4+ 1/2-1/2

[Event "Madrid ch 2021-2022 Semifinal"]
[Site "Madrid ESP"]
[Date "2022.05.07"]
[Round "4.3"]
[White "Elissalt Cardenas, Hector"]
[Black "Perdomo Araujo, Angel Eduardo"]
[Result "1-0"]
[WhiteElo "2285"]
[BlackElo "2065"]
[PlyCount "55"]
[EventDate "2022.05.04"]
[EventType "swiss"]
[EventRounds "9"]
[EventCountry "ESP"]
[SourceTitle "Ajedrez en Madrid"]
[Source "lmi"]
[SourceDate "2022.05.04"]
[SourceVersion "1"]
[SourceVersionDate "2022.05.15"]
[SourceQuality "1"]

1. c4 Nf6 2. Nc3 e5 3. g3 d5 4. cxd5 Nxd5 5. Bg2 Nb6 6. d3 Be7 7. Be3 O-O 8.
Nf3 Nc6 9. a4 a5 10. O-O f5 11. Qc1 Bf6 12. Nb5 Be6 13. Rd1 Nd5 14. Bc5 Rf7 15.
e4 Ndb4 16. d4 exd4 17. Nfxd4 Nxd4 18. Nxd4 Bxd4 19. Rxd4 Qf6 20. e5 Qxe5 21.
Qc3 Qf6 22. Bxb7 Rb8 23. Bg2 Na6 24. Qxa5 Nxc5 25. Qxc5 Rxb2 26. Re1 Re7 27. h4
Rc2 28. Rd8+ 1-0

[Event "Madrid ch 2021-2022 Semifinal"]
[Site "Madrid ESP"]
[Date "2022.05.07"]
[Round "4.4"]
[White "Torres Boch, Jose F."]
[Black "Longa Yauca, Javier"]
[Result "1-0"]
[WhiteElo "2134"]
[BlackElo "2259"]
[PlyCount "41"]
[EventDate "2022.05.04"]
[EventType "swiss"]
[EventRounds "9"]
[EventCountry "ESP"]
[SourceTitle "Ajedrez en Madrid"]
[Source "lmi"]
[SourceDate "2022.05.04"]
[SourceVersion "1"]
[SourceVersionDate "2022.05.15"]
[SourceQuality "1"]

1. e4 e6 2. d4 d5 3. Nc3 Nf6 4. e5 Nfd7 5. f4 c5 6. Nf3 Nc6 7. Be3 f6 8. Qd2
fxe5 9. Nxe5 cxd4 10. Bxd4 Nxd4 11. Qxd4 Bc5 12. Qd2 Nxe5 13. fxe5 O-O 14.
O-O-O Qc7 15. Re1 a6 16. Bd3 Bd7 17. Qg5 Rf7 18. Nxd5 Qd8 19. Nf6+ Rxf6 20.
exf6 Bf8 21. Bxh7+ 1-0

[Event "Madrid ch 2021-2022 Semifinal"]
[Site "Madrid ESP"]
[Date "2022.05.07"]
[Round "4.5"]
[White "Martinez Fernandez, Raul"]
[Black "Ruiz Vazquez, Javier"]
[Result "1-0"]
[WhiteElo "2204"]
[BlackElo "1960"]
[PlyCount "58"]
[EventDate "2022.05.04"]
[EventType "swiss"]
[EventRounds "9"]
[EventCountry "ESP"]
[SourceTitle "Ajedrez en Madrid"]
[Source "lmi"]
[SourceDate "2022.05.04"]
[SourceVersion "1"]
[SourceVersionDate "2022.05.15"]
[SourceQuality "1"]

1. e4 c5 2. Nf3 Nf6 3. e5 Nd5 4. Nc3 Nxc3 5. dxc3 Nc6 6. Bf4 Qb6 7. b3 g6 8.
Qd2 Bg7 9. Bh6 Bxh6 10. Qxh6 Qa5 11. Qe3 b6 12. Nd2 Ba6 13. Bc4 O-O-O 14. O-O
Bxc4 15. Nxc4 Qa6 16. a4 d5 17. exd6 exd6 18. Qf4 Ne5 19. Nxe5 dxe5 20. Qxf7
Qb7 21. Qe6+ Qd7 22. Qxe5 Rhe8 23. Qf4 Qd2 24. Qf3 Kb8 25. a5 b5 26. Qc6 Qxc3
27. a6 Re7 28. Qxb5+ Ka8 29. g3 Qxc2 1-0

[Event "Madrid ch 2021-2022 Semifinal"]
[Site "Madrid ESP"]
[Date "2022.05.07"]
[Round "4.6"]
[White "Barez Menendez, Hector"]
[Black "Ruiz Buendia, Miguel"]
[Result "0-1"]
[WhiteElo "2066"]
[BlackElo "2162"]
[PlyCount "56"]
[EventDate "2022.05.04"]
[EventType "swiss"]
[EventRounds "9"]
[EventCountry "ESP"]
[SourceTitle "Ajedrez en Madrid"]
[Source "lmi"]
[SourceDate "2022.05.04"]
[SourceVersion "1"]
[SourceVersionDate "2022.05.15"]
[SourceQuality "1"]

1. d4 Nf6 2. Nf3 e6 3. Bf4 c5 4. c3 Qb6 5. Qc2 Nc6 6. e3 Nh5 7. Bg3 g6 8. Bh4
Bg7 9. Nbd2 d5 10. g4 Nf6 11. h3 h5 12. g5 Nd7 13. Bd3 e5 14. e4 c4 15. Bf1
exd4 16. exd5 d3 17. Qa4 Na5 18. O-O-O O-O 19. Nxc4 Nxc4 20. Qxc4 Nc5 21. Bxd3
Nxd3+ 22. Qxd3 Bf5 23. Qe3 Qa5 24. Nd4 Rfe8 25. Nxf5 Rxe3 26. Nxe3 Bxc3 27.
bxc3 Qxc3+ 28. Nc2 Rc8 0-1

[Event "Madrid ch 2021-2022 Semifinal"]
[Site "Madrid ESP"]
[Date "2022.05.07"]
[Round "4.7"]
[White "Gueler Berdasco, Martin"]
[Black "Marcos Herrero, Francisco"]
[Result "1/2-1/2"]
[WhiteElo "1946"]
[BlackElo "1939"]
[PlyCount "32"]
[EventDate "2022.05.04"]
[EventType "swiss"]
[EventRounds "9"]
[EventCountry "ESP"]
[SourceTitle "Ajedrez en Madrid"]
[Source "lmi"]
[SourceDate "2022.05.04"]
[SourceVersion "1"]
[SourceVersionDate "2022.05.15"]
[SourceQuality "1"]

1. c4 c5 2. Nf3 Nc6 3. d4 cxd4 4. Nxd4 g6 5. Nc3 Bg7 6. e3 Nf6 7. Be2 O-O 8.
O-O d5 9. cxd5 Nxd5 10. Nxd5 Qxd5 11. Bf3 Qc5 12. Nxc6 bxc6 13. Qa4 Rb8 14.
Qxc6 Qxc6 15. Bxc6 Ba6 16. Rd1 Bxb2 1/2-1/2